| 000 | 00989cam a2200313 a 4500 | ||
|---|---|---|---|
| 001 | 000015454 | ||
| 005 | 20240510073816.0 | ||
| 008 | 950213s1992 sp b 001 0 spa d | ||
| 020 | _a8433913611 | ||
| 035 | _a(DLC) 95115941 | ||
| 040 |
_aDO-SdBNP _cDLC _dDLC _dBNPHU |
||
| 043 | _ae-gr--- | ||
| 082 |
_a180 _bP192f, 1992 |
||
| 100 | 1 |
_aPániker, Salvador, _d1927- _934907 |
|
| 245 | 1 | 0 |
_aFilosofía y mística : _buna lectura de los griegos / _cSalvador Pániker ; ilustración de Ana Pánike. |
| 250 | _a2a ed. | ||
| 260 |
_aBarcelona : _bAnagrama, _c1992. |
||
| 300 |
_a270 p. ; _c22 cm. |
||
| 490 | 1 | _aArgumentos | |
| 504 | _aIncluye referencias bibliográficas y notas al pie de las páginas. | ||
| 650 | 4 |
_aFilosofía griega _915215 |
|
| 650 | 4 |
_aFilosofía antigua _91215 |
|
| 650 | 0 |
_aFilosofía _9813 |
|
| 650 | 4 |
_aMisticismo _914358 |
|
| 700 | 1 |
_aPánike, Ana, _eil. _934908 |
|
| 830 | 0 |
_aArgumentos _98962 |
|
| 910 | _aCatalogación por copia / LC | ||
| 049 | _aBNGR | ||
| 999 |
_c15010 _d15010 |
||